Statistics for Hawaii General Knowledge

Click here to take the quiz!

General Stats

  • This quiz has been taken 91 times
  • The average score is 6 of 15

Answer Stats

HintAnswer% Correct
Capital city and location of University of HawaiiHonolulu
96%
Former president born in HonoluluBarack Obama
91%
Infamous harbor where the above ships arePearl Harbor
82%
Another famous battleship, Pennsylvania-classUSS Arizona
58%
Town on the big island known for Rainbow FallsHilo
56%
Famous singer-songwriter born in HonoluluBruno Mars
42%
Currently active volcano in the Hawaiian IslandsKilauea
40%
National Park on the Hawaiian island of MauiHaleakala
32%
Volcanic tuff cone on the Hawaiian island of Oʻahu Diamond Head
28%
Popular National Park on Hawaii Island Hawaii Volcanoes
28%
Famous Iowa-class battleship in HonoluluUSS Missouri
28%
Town on the east coast of the island of OahuKailua
25%
Suburb & County of Honolulu on the Island of OʻahuPearl City
21%
Former sugarcane plantation town in OahuWaipahu
12%
Popular beach in above town and on the coastLanikai Beach
4%

Score Distribution

Percentile by Number Answered

Percent of People with Each Score

Your Score History

You have not taken this quiz